Bet Aharon : parashat ha-ḥagigah le-ḥanukat bet ha-ulpana talmud Torah Bet Aharon.

Saved in:
Bibliographic Details
Main Author: Grayevsḳi, Pinḥas ben Tsevi, 1873-1941.
Format: Book
Language:Hebrew
Published: Jerusalem : [s.n.], [1933]
Subjects:
Tags: Add Tag
No Tags, Be the first to tag this record!
LEADER 00509nam a22001697u 4500
001 000027873-4
005 20020606090541.3
008 030784|1933 is |||| ||||||0||||heb||
035 0 |a ocn122703362 
100 1 |a Grayevsḳi, Pinḥas ben Tsevi,  |d 1873-1941. 
245 1 0 |a Bet Aharon :  |b parashat ha-ḥagigah le-ḥanukat bet ha-ulpana talmud Torah Bet Aharon. 
260 0 |a Jerusalem :  |b [s.n.],  |c [1933] 
300 |a 20 p. 
650 0 |a Education  |z Palestine. 
752 |a Israel  |d Jerusalem 
988 |a 20020608 
906 |0 MH